Statistiken für Alle Samsung Galaxy S 2010 - 2024

Klicken Sie hier um das Quiz zu spielen!

Allgemein

  • Dieses Quiz wurde 37 mal gespielt
  • Das Durchschnittsergebnis liegt bei 25 aus 38

Antwortstatistiken

JahrModell% Korrekt
2010Galaxy S
100%
2011Galaxy S2
96%
2012Galaxy S3
96%
2013Galaxy S4
96%
2014Galaxy S5
96%
2015Galaxy S6
96%
2016Galaxy S7
96%
2019Galaxy S10+
92%
2019Galaxy S10
92%
2017Galaxy S8
92%
2017Galaxy S8+
92%
2018Galaxy S9
92%
2018Galaxy S9+
92%
2023Galaxy S23+
75%
2023Galaxy S23
75%
2024Galaxy S24
75%
2024Galaxy S24+
75%
2012Galaxy S3 Mini
75%
2013Galaxy S4 Mini
75%
2014Galaxy S5 Mini
75%
2020Galaxy S20
67%
2020Galaxy S20+
67%
2021Galaxy S21
67%
2021Galaxy S21+
67%
2022Galaxy S22
67%
2022Galaxy S22+
67%
2020Galaxy S20 Ultra
42%
2022Galaxy S22 Ultra
42%
2023Galaxy S23 Ultra
42%
2024Galaxy S24 Ultra
42%
2021Galaxy S21 Ultra
38%
2016Galaxy S7 Edge
38%
2020Galaxy S20fe
33%
2015Galaxy S6 Edge+
33%
2015Galaxy S6 Edge
33%
2019Galaxy S10e
29%
2019Galaxy S10 5G
13%
2019Galaxy S10 Lite
4%

Verteilung der Resultate

Perzentil nach korrekt beantworteten Fragen

Anzahl Personen mit jedem Resultat

Ihre Resultats-Entwicklung

Sie haben dieses Quiz noch nicht gespielt